00821nam a22002417a 4500999001700000005001700017008004100034020001800075040002700093041000800120044000700128082001800135110001200153245009300165260009800258300007200356650002300428650002600451650002400477650003300501651003000534942001500564 c20669d2066920200104041807.0191227b xxu||||| |||| 00| 0 spa d a9782914817134 aCO-BoIAVH cCO-BoIAVH  afre afr a333.714bB52g aBiotope aGuide sur la prise en compte des milieux naturels dans les études d'impacts en Guyane. aFrancia:bLa DEAL guyane, service Milieux Naturels, Biodiversité, Sites et Paysages,c2013. a176 Páginas:bfotografías, c29 x 21 cm.e+ 1 folleto plegable. 0aGuía informativa 0aDesarrollo sostenible 0aEspecies protegidas 0aÁreas naturales protegidas 0aGuayana francesazFrancia 2ddccLIBRO